<?xml version="1.0" encoding="UTF-8"?>
<record
    xmlns:xsi="http://www.w3.org/2001/XMLSchema-instance"
    xsi:schemaLocation="http://www.loc.gov/MARC21/slim http://www.loc.gov/standards/marcxml/schema/MARC21slim.xsd"
    xmlns="http://www.loc.gov/MARC21/slim">

  <leader>02408nam a22002897a 4500</leader>
  <controlfield tag="001">9049</controlfield>
  <controlfield tag="003">FISKH</controlfield>
  <controlfield tag="005">20251117163157.0</controlfield>
  <controlfield tag="008">251117b        cb ||||| |||| 00| 0 eng d</controlfield>
  <datafield tag="020" ind1=" " ind2=" ">
    <subfield code="a">9789995092115</subfield>
  </datafield>
  <datafield tag="040" ind1=" " ind2=" ">
    <subfield code="a">FISKH</subfield>
    <subfield code="b">khr</subfield>
    <subfield code="c">FISKH</subfield>
    <subfield code="d">FISKH</subfield>
  </datafield>
  <datafield tag="082" ind1=" " ind2=" ">
    <subfield code="a">636.8</subfield>
  </datafield>
  <datafield tag="100" ind1=" " ind2=" ">
    <subfield code="a">Mony, Kun </subfield>
  </datafield>
  <datafield tag="245" ind1=" " ind2=" ">
    <subfield code="a">&#x178A;&#x17BE;&#x1798;&#x1780;&#x17C6;&#x17C6;&#x178E;&#x17BE;&#x178F;&#x179F;&#x178F;&#x17D2;&#x179C;&#x1786;&#x17D2;&#x1798;&#x17B6; : </subfield>
    <subfield code="b">Origin of the cat / </subfield>
    <subfield code="c">&#x17A2;&#x17D2;&#x1793;&#x1780;&#x179A;&#x17C0;&#x1794;&#x179A;&#x17C0;&#x1784; &#x1782;&#x17BB;&#x178E; &#x1798;&#x17BB;&#x1793;&#x17B8; , &#x179A;&#x1785;&#x1793;&#x17B6;&#x1791;&#x17C6;&#x1796;&#x17D0;&#x179A;&#x178A;&#x17C4;&#x1799; &#x1796;&#x17D2;&#x179A;&#x17C6; &#x1785;&#x17B7;&#x1793;&#x17D2;&#x178F;&#x17B6; </subfield>
  </datafield>
  <datafield tag="260" ind1=" " ind2=" ">
    <subfield code="a">Phnom Penh : </subfield>
    <subfield code="b">Books World , </subfield>
    <subfield code="c">2009. </subfield>
  </datafield>
  <datafield tag="300" ind1=" " ind2=" ">
    <subfield code="a">16 pages : </subfield>
    <subfield code="b">color illustrations ; </subfield>
    <subfield code="c">25 cm . </subfield>
  </datafield>
  <datafield tag="505" ind1=" " ind2=" ">
    <subfield code="a">K 
</subfield>
  </datafield>
  <datafield tag="520" ind1=" " ind2=" ">
    <subfield code="a">&#x1798;&#x17B6;&#x1793;&#x1791;&#x17C1;&#x1796;&#x1792;&#x17B8;&#x178F;&#x17B6;&#x1798;&#x1780;&#x1785;&#x17B6;&#x1794;&#x17CB;&#x1780;&#x17C6;&#x178E;&#x17BE;&#x178F;&#x1780;&#x17D2;&#x1793;&#x17BB;&#x1784;&#x1795;&#x17D2;&#x1780;&#x17B6;&#x17A7;&#x178F;&#x17D2;&#x1794;&#x179B;&#x1793;&#x17C5;&#x1780;&#x17D2;&#x1793;&#x17BB;&#x1784;&#x179F;&#x17D2;&#x179A;&#x17C7;&#x1798;&#x17BD;&#x1799; &#x1798;&#x17A0;&#x17B6;&#x1794;&#x17D2;&#x1789;&#x179F;&#x17B8;&#x1780;&#x17CF;&#x1799;&#x1780;&#x1798;&#x1780;&#x1785;&#x17B7;&#x1789;&#x17D2;&#x1785;&#x17B9;&#x1798; &#x178A;&#x179B;&#x17CB;&#x179C;&#x17D0;&#x1799;&#x17E1;&#x17E5;&#x1786;&#x17D2;&#x1793;&#x17B6;&#x17C6; &#x179B;&#x17C4;&#x1780;&#x178F;&#x17B6;&#x1780;&#x17CF;&#x1787;&#x1794;&#x17CB;&#x179F;&#x178F;&#x17D2;&#x179C;&#x1786;&#x17D2;&#x1798;&#x17B6;&#x1798;&#x17BD;&#x1799;&#x1780;&#x17D2;&#x1794;&#x17B6;&#x179B;&#x178A;&#x17BE;&#x1798;&#x17D2;&#x1794;&#x17B8;&#x17A2;&#x17C4;&#x1799;&#x179B;&#x17C1;&#x1784;&#x1787;&#x17B6;&#x1798;&#x17BD;&#x1799;&#x1793;&#x17B6;&#x1784; &#x17D4;&#x200B; &#x1780;&#x17D2;&#x179A;&#x17C4;&#x1799;&#x1798;&#x1780;&#x1793;&#x17B6;&#x1784;&#x1780;&#x17CF;&#x1794;&#x17B6;&#x1793;&#x1787;&#x17BD;&#x1794;&#x1793;&#x17B9;&#x1784;&#x1782;&#x17BC;&#x179A;&#x1796;&#x17D2;&#x179A;&#x17C1;&#x1784;&#x178A;&#x17C2;&#x179B;&#x1787;&#x17B6;&#x179F;&#x17D2;&#x178F;&#x17C1;&#x1785; &#x1791;&#x17D2;&#x179A;&#x1784;&#x17CB;&#x1794;&#x17B6;&#x1793;&#x17A0;&#x17C2;&#x179A;&#x1793;&#x17B6;&#x1784;&#x1793;&#x17B7;&#x1784;&#x1786;&#x17D2;&#x1798;&#x17B6;&#x1785;&#x17BC;&#x179B;&#x179A;&#x17B6;&#x1787;&#x179C;&#x17B6;&#x17C6;&#x1784; &#x17D4;&#x200B; &#x1798;&#x17A0;&#x17B6;&#x1794;&#x17D2;&#x1789;&#x179F;&#x17B8;&#x1780;&#x17CF;&#x1794;&#x17B6;&#x1793;&#x1795;&#x17D2;&#x178F;&#x17B6;&#x17C6;&#x1790;&#x17B6;&#x200B;&#x1798;&#x17BB;&#x1793;&#x1793;&#x17B9;&#x1784;&#x17A1;&#x17BE;&#x1784;&#x179B;&#x17BE;&#x1794;&#x17D2;&#x179A;&#x17B6;&#x179F;&#x17B6;&#x1791;&#x178F;&#x17D2;&#x179A;&#x17BC;&#x179C;&#x17A2;&#x17C4;&#x1794;&#x1786;&#x17D2;&#x1798;&#x17B6;&#x178A;&#x17BE;&#x179A;&#x1785;&#x17D2;&#x179A;&#x1791;&#x1780;&#x17D2;&#x179F;&#x17B7;&#x178E;&#x17E3;&#x1787;&#x17BB;&#x17C6;&#x179F;&#x17BB;&#x17B9;&#x1798;&#x17A1;&#x17BE;&#x1784;&#x1791;&#x17C5;&#x1794;&#x17D2;&#x179A;&#x17B6;&#x179F;&#x17B6;&#x1791;&#x1791;&#x17BE;&#x1794;&#x1798;&#x17B6;&#x1793;&#x179F;&#x17B7;&#x179A;&#x17B8;&#x179F;&#x17BD;&#x179F;&#x17D2;&#x178F;&#x17B8; &#x17D4; </subfield>
  </datafield>
  <datafield tag="520" ind1=" " ind2=" ">
    <subfield code="a">A nymph was born inside a lotus flower in a pond. An  old hermit took her in and raised her. When she turned fifteen, the hermit created a cat out of magic to play with. Later, she met her destined partner, who was a king, and he brought her and the cat into the royal palace. The hermit advised her that before entering the palace, she must hold the cat and walk clockwise around it three times before going up to the palace, in order to receive blessings and good fortune.</subfield>
  </datafield>
  <datafield tag="521" ind1="8" ind2=" ">
    <subfield code="a">510 
</subfield>
    <subfield code="b">Lexile estimate 
</subfield>
  </datafield>
  <datafield tag="521" ind1="8" ind2=" ">
    <subfield code="a">K 
</subfield>
    <subfield code="b">Raz-Plus 
</subfield>
  </datafield>
  <datafield tag="650" ind1=" " ind2=" ">
    <subfield code="a">&#x178A;&#x17BE;&#x1798;&#x1780;&#x17C6;&#x17C6;&#x178E;&#x17BE;&#x178F;&#x179F;&#x178F;&#x17D2;&#x179C;&#x1786;&#x17D2;&#x1798;&#x17B6;</subfield>
    <subfield code="v">&#x179A;&#x17BF;&#x1784;&#x1793;&#x17B7;&#x1791;&#x17B6;&#x1793;&#x1780;&#x17BB;&#x1798;&#x17B6;&#x179A;</subfield>
  </datafield>
  <datafield tag="650" ind1=" " ind2=" ">
    <subfield code="a">Origin of the cat </subfield>
    <subfield code="v">Children's Stories </subfield>
  </datafield>
  <datafield tag="700" ind1=" " ind2=" ">
    <subfield code="a">San, Thai </subfield>
    <subfield code="e">Illustrator </subfield>
  </datafield>
  <datafield tag="942" ind1=" " ind2=" ">
    <subfield code="2">ddc</subfield>
    <subfield code="c">KHB</subfield>
    <subfield code="n">0</subfield>
  </datafield>
  <datafield tag="999" ind1=" " ind2=" ">
    <subfield code="c">9049</subfield>
    <subfield code="d">9049</subfield>
  </datafield>
  <datafield tag="952" ind1=" " ind2=" ">
    <subfield code="0">0</subfield>
    <subfield code="1">0</subfield>
    <subfield code="2">ddc</subfield>
    <subfield code="4">0</subfield>
    <subfield code="7">0</subfield>
    <subfield code="8">Khmer-English Bilingual </subfield>
    <subfield code="a">002</subfield>
    <subfield code="b">002</subfield>
    <subfield code="c">TTP Khmer</subfield>
    <subfield code="d">2025-11-17</subfield>
    <subfield code="l">0</subfield>
    <subfield code="o">MON 823 </subfield>
    <subfield code="p">FISBK072166</subfield>
    <subfield code="r">2025-11-17 16:31:54</subfield>
    <subfield code="w">2025-11-17</subfield>
    <subfield code="y">KHB</subfield>
  </datafield>
</record>
